General Carte von Gross Britannien nach den neuesten Hülfsmitteln bearbeitet

Hlavní autor: Dirwalt, Joseph, činný 1809-1820
Další autoři: Mollo, Tranquillo, 1767-1837
Jazyk: Němčina
Vydáno: in Wien : bey Tranquillo Mollo, [mezi 1818 a 1820]
Témata:
Externí odkaz: Digitalizovaný dokument
Fyzický popis: 1 mapa : mědirytina, ručně kolorovaná ; 44,5 x 32,5 cm, na listu 51 x 40,5 cm
Mapy
Uloženo v:
LEADER 02277nem a2200421 a 4500
001 mzk03001085371
003 CZ BrMZK
005 20130802104009.0
007 aj|ca|||
008 110118q18181820au |||||||a|||r|0|||gerod
034 1 |a a  |b 2500000  |d W0105354  |e E0015441  |f N0595718  |g N0500441 
040 |a BOA001  |b cze 
043 |a e-uk-en 
072 7 |a 913(4)  |x Geografie Evropy, reálie, cestování  |2 Konspekt  |9 7 
072 7 |a 912:904  |x Staré mapy  |2 Konspekt  |9 7 
080 |a (410)  |2 MRF 
080 |a (084.3)  |2 MRF 
100 1 |a Dirwalt, Joseph,  |d činný 1809-1820  |4 aut 
245 1 0 |a General Carte von Gross Britannien nach den neuesten Hülfsmitteln bearbeitet  |h [kartografický dokument] 
255 |a Měřítko [ca 1:2 500 000]. 6,4 cm = 25 Deutsche Meilen wovon 10 gleich 1 Grad des Aequators  |c (010°53´54" z.d.--001°54´41" v.d./059°57´18" s.š.--050°04´41" s.š.) 
260 |a in Wien :  |b bey Tranquillo Mollo,  |c [mezi 1818 a 1820] 
300 |a 1 mapa :  |b mědirytina, ručně kolorovaná ;  |c 44,5 x 32,5 cm, na listu 51 x 40,5 cm 
500 |a V pravém dolním rohu tištěná poznámka: Lehrbuch der Geographie IIIte Abthl. Seite 19 
500 |a Výzdoba: V levém horním rohu název a měřítko, v pravém horním rohu mapový výřez, v mapovém rámci geografické souřadnice, souřadnicová síť 
505 2 0 |t Inseln Schetland.  |g 7,5 x 5,5 cm. (002°09´11" z.d.--000°40´02" z.d./060°51´53" s.š.--059°48´42" s.š.) 
510 3 |a IKAR 
590 |a Potrhané a pomačkané okraje 
655 7 |a staré mapy  |7 fd674099  |2 czenas 
651 7 |a Velká Británie  |7 ge134525  |2 czenas 
700 1 |a Mollo, Tranquillo,  |d 1767-1837  |7 xx0085957  |4 pbl 
787 0 8 |i Samostatná mapa publikovaná v atlase:  |t Allgemeiner Hand-Atlas zum Gebrauche für die Jugend in höhern und niedern Schulen, für Kaufleute und Zeitungsleser.  |g Nach den letzten Friedenschlüssen berichtiget von Joseph Dirwald. [Blatt] 43. [Wien] : verlegt bey Tranquillo Mollo, [mezi 1818 a 1820] 
856 4 1 |u http://www.digitalniknihovna.cz/mzk/uuid/uuid:8fe89821-9756-4b1b-b8fd-ab8521abdb5a  |y Digitalizovaný dokument 
910 |a BOA001  |b STMpa-1257.631 
978 |b Mollo, Tranquillo  |a Wien  |c 1818-1820 
984 |a Vídeň  |b Rakousko 
985 |a 1801-1850 
990 |a MP 
991 |k mzk